| 000 | 00744nam a2200193 a 4500 | ||
|---|---|---|---|
| 003 | 0 | ||
| 005 | 20250328093411.0 | ||
| 008 | 071126s19uu xx 00 eng d | ||
| 050 |
_aPHS HM 1033 _b.P53 2007 |
||
| 100 | _aPiad, Regine Camille M. | ||
| 245 |
_aRelationship between community service and self-fulfillment of the members of Quota International / _cRegine Camille M. Piad. |
||
| 260 |
_aLas PiƱas City, Philippines : _bSouthville International School and Colleges, _c2007. |
||
| 300 |
_a108 pages : _billustrations ; _c28 cm. |
||
| 504 | _aIncludes bibliographical references. | ||
| 650 |
_aCommunity service _xSocial aspects. |
||
| 650 |
_aVoluntarism _xPsychological aspects. |
||
| 650 | _aQuota International. | ||
| 942 |
_2lcc _cPASS |
||
| 999 |
_c97875 _d97875 |
||